• 首页
  • 本馆介绍
  • 公告通知
  • 最新文献
  • 馆藏检索
  • 电子资源
  • 读者导购
  • 参考咨询
  • 我的图书馆
  • 登录
  • 详细信息显示
  • 放入我的书架
  • 预约/预借图书
  • 作者相关作品
  • 分类相关作品
  • 丛书相关作品
  • 出版社相关作品

书目信息

  • 表格格式
  • 工作单格式
  • 卡片格式
题名:
普通话口语训练及测试手册
    
 
作者: 湖北省语言文字工作委员会
分册:  
出版信息:    
页数: 179页
开本: 26cm
丛书名:
单 册:
中图分类: H193.2
科图分类:
主题词: 汉语--语言教学
电子资源:
ISBN:
000 00638nam0 2200181 450
001 0634209661
005 20061018093138.25
010    @dCNY16.00
100    @a20061018d km y0chiy0120 ea
101 0  @achi
200 1  @a普通话口语训练及测试手册@Apu tong hua kou yu xun lian ji ce shi shou ce@f湖北省语言文字工作委员会@Fhu bei sheng yu yan wen zi gong zuo wei yuan hui@e教辅资料
215    @a179页@d26cm
517 1  @a教辅资料@Ajiao fu zi liao
606 0  @a汉语@x语言教学
690    @aH193.2@v3
701  0 @a湖北省语言文字工作委员会@Ahu bei sheng yu yan wen zi gong zuo wei yuan hui
801  0 @aCN@bPFT@c20061018
905    @a10447@dH193.2@e200
    
    普通话口语训练及测试手册/湖北省语言文字工作委员会:教辅资料
    179页;26cm
    
    
    ISBN :CNY16.00
    
●
相关链接 在E读中查询图书 在五车中查询图书 在当当中查询图书 在豆瓣中查询图书


正题名:普通话口语训练及测试手册     索取号:H193.2/200         预约/预借

序号 登录号 条形码 馆藏地/架位号 状态 备注
1 0502731   205027317   密集书库/ [索取号:H193.2/200] 在馆    
唐山师范学院图书馆 欢迎您!
大连网信软件有限公司© 版权所有